The nonfiction now lesson bank, grades 4-8: strategies & routines for higher-level comprehension in the content areas
Gardado en:
| Autor Principal: | |
|---|---|
| Formato: | Libro |
| Idioma: | inglés |
| Publicado: |
Corwin Literacy
2014.
|
| Tags: |
Engadir etiqueta
Sen Etiquetas, Sexa o primeiro en etiquetar este rexistro!
|
MARC
| LEADER | 00000nam a22000007a 4500 | ||
|---|---|---|---|
| 008 | 210125b ||||| |||| 00| 0 eng d | ||
| 020 | |a ISBN: 978-1-4522-8650-1 | ||
| 100 | |a AKHAVAN, Nancy | ||
| 245 | |a The nonfiction now lesson bank, grades 4-8: |b strategies & routines for higher-level comprehension in the content areas |c Nancy Akhavan | ||
| 260 | |b Corwin Literacy |c 2014. |h California |i 692471 |i 692472 |l LB1576 .Ak4 | ||
| 500 | |a “Includes references and index” | ||
| 942 | |a lcc |c BK |e j o ifatola |f 25/1/2021 | ||
| 952 | |0 0 |1 0 |2 lcc |4 0 |6 LB1576 A K4 |7 0 |9 1690 |a HOL |b HOL |c LP |d 2021-01-25 |l 0 |o LB1576 .Ak4 |p 2021-0473 |r 2021-01-25 00:00:00 |w 2021-01-25 |y BK | ||
| 952 | |0 0 |1 0 |2 lcc |4 0 |6 LB1576 A K4 |7 0 |9 1691 |a HOL |b ED |c LP |d 2021-01-25 |l 0 |o LB1576 .Ak4 |r 2021-01-25 00:00:00 |w 2021-01-25 |y BK | ||
| 999 | |c 898 |d 898 | ||